Jednotný plán kultúrno-výchovnej činnosti MsNV v Martine na rok ...

Bibliographic Details
Format: Journal
Language:Slovak
PhysicalDescription:zv. 20 cm
Published: Martin MsNV [1986]
Subjects:

MARC

LEADER 00000cas a2200000 a 4500
001 vtls001197969
003 SK-MaSNL
005 20260425194303.0
008 180815u19861986xo ar|p 0 0b0slo
035 |a SNK000141038 
040 |a SNK  |b slo  |c SNK  |e AACR2 
041 0 |a slo 
044 |a xo  |c SK 
072 7 |a 37.014  |x Vzdelávacia a výchovná politika  |2 konspekt 
080 |a 37.014.7  |2 2001 
080 |a (437.6)  |2 2011 
080 |a 050  |2 2001 
080 |a (036)  |2 2011 
245 0 0 |a Jednotný plán kultúrno-výchovnej činnosti MsNV v Martine na rok ... 
260 |a Martin  |b MsNV  |c [1986] 
300 |a zv.  |c 20 cm 
310 |a 1x ročne 
362 0 |a [1986] 
650 0 7 |a kultúrno-výchovná činnosť  |2 SNKPH  |9 83981 
651 7 |a Martin (Slovensko)  |2 SNKPHgeo  |9 16875 
655 7 |a informačné publikácie  |2 SNKPH  |9 70181 
850 |a Slovenská národná knižnica v Martine 
910 |a snk 
958 |a OND 
999 |c 9580  |d 11510 
952 |a SNK  |b SNK  |y PREZ  |7 0  |p 17A0173799  |o snkČSD 1117/1986  |0 0  |1 0  |4 0  |d 1998-12-10  |l 0  |r 2005-01-01 00:00:00  |w 2026-02-21